000 01017cam a2200277 a 4500
001 12033870
003 TZ-ArACH
005 20260417114145.0
008 260417s2000 ne a 001 0 eng
010 _a 00055464
020 _a9788582385166
040 _aDLC
_cDLC
_dDLC
050 0 0 _aKZA5205
_b.T67 2019
100 0 _aGudmundur Eiriksson.
245 1 4 _aTribunal Internacional do Direito do Mar
_cPaula Ritzmann Torres.
_bfuncionamento, jurisdição e jurisprudencia /
260 _aBelo Horizonte (Brazil) ;
_bArraes Editores ;
_c2019.
300 _axxvi, 310 p. :
_c25 cm.
500 _a.
504 _aReferences
610 2 0 _aInternational Tribunal for the Law of the Sea.
650 0 _aLaw of the sea.
650 0 _aInternational courts.
906 _a7
_bcbc
_corignew
_d1
_eocip
_f20
_gy-gencatlg
942 _2lcc
_cBOOK
999 _c7852
_d7852